| 000 | 00961nas a2200313 4500 | ||
|---|---|---|---|
| 001 | BR0701878 | ||
| 003 | BR-BrBNA | ||
| 005 | 20231205110709.0 | ||
| 007 | ta | ||
| 008 | 230509b bl.|||p| |||| 00| 00por d | ||
| 040 |
_aBR-BrBNA _bpor _cBiblioteca Nacional de Agricultura |
||
| 041 | _a(En) | ||
| 072 | _aF02; P34 | ||
| 100 | 1 | _aLima, F.C. de | |
| 100 | 1 | _aUlisses, C. | |
| 100 | 1 | _aCamara, T.R. | |
| 100 | 1 | _aCavalcante, U.M.T. | |
| 100 | 1 | _aAlbuquerque, C.C. | |
| 100 | 1 | _aWilladino, L. | |
| 245 | 1 | _aAnthurium andraeanum Lindl. cv. Eidibel in vitro rooting and acclimatization with arbuscular mycorrhizal fungi | |
| 650 | _aANTURIO | ||
| 650 | _aENRAIZAMENTO | ||
| 650 | _aMICORRIZA | ||
| 650 | _aCULTURA IN VITRO | ||
| 650 | _aINOCULAÇÃO | ||
| 773 | 0 |
_tRevista Brasileira de Ciências Agrárias (Brazil) _xISSN 1981-1160 _g(Oct-Dec 2006), v. 1 p. 13-16 _wBR0701878 |
|
| 909 |
_a202311 _bLúcia _c55 _dLúcia Elande |
||
| 942 |
_2AGRIS _n0 _cANA |
||
| 999 |
_c188604 _d188604 |
||